00542nam a2200217Ia 450000300170000000500170001700800410003402000180007505000140009310000200010724500340012724500180016124500460017926000150022526000160024026000090025630000140026530000270027930000100030650000080031620180301135250.020180301135539.0170918s9999 xx 000 0 und d a9780590426168 bK295 1988 aKellogg, Steven aJohnny appleseed : my story / ba tall tale / cretold and illustrated by Steven Kellogg. aNew York : bScholastic, c1988 aunpaged : bcolored illustration ; c27cm. a920